000
00271nam a22001217a 4500
082
_a
823
_b
BLY/F
100
_a
BLYTON, ENID
245
_a
15 MINUTES LATE
260
_a
UNITED KINGDOM
_b
DRAGON
_c
1973
300
_a
125
650
_a
ENGLISH STORY
_z
UNITED KINGDOM
942
_c
BK
999
_c
7254
_d
7254